| 000 | 00470nam a2200157 a 4500 | ||
|---|---|---|---|
| 001 | 22447 | ||
| 005 | 20180713220341.0 | ||
| 008 | 140415s1990 000 0 spa d | ||
| 020 | _a521387787 | ||
| 041 | _aspa | ||
| 082 |
_a808.04207 _bSEC |
||
| 245 | 0 | 0 |
_aSECOND LANGUAGE WRITING : _bRESEARCH INSIGHTS FOR THE CLASSROOM |
| 260 |
_a[s.l.] : _bCAMBRIDGE UNIVERSITY PRESS, _c1990 |
||
| 300 | _a246 | ||
| 650 | 1 | 4 |
_aINGLES _xENSEANZA _xESTUDIANTES EXTRANJEROS |
| 999 |
_c22447 _d22447 |
||